Appalachian States - Statistics

General Stats
  • This quiz has been taken 1,300 times
  • The average score is 17 of 18
Answer Stats
State % Correct
North Carolina
97%
Virginia
97%
West Virginia
97%
Georgia
96%
New York
96%
Kentucky
95%
Pennsylvania
95%
South Carolina
95%
Ohio
94%
Tennessee
94%
Maryland
92%
Vermont
92%
Alabama
91%
Maine
91%
New Hampshire
91%
New Jersey
90%
Connecticut
83%
Massachusetts
83%
No matching quizzes found
Score Distribution
Percent of People with Each Score
Percentile by Number Answered
Your Score History
You have not taken this quiz